000 01282 a2200265 4500
001 150
005 20260407155414.0
008 260407a2006 arg spa d
003 AR-UNSa-BCEJYS
040 _aAR-UNSa-BCEJYS
_bspa
_cAR-UNSa-BCEJYS
080 _a339.72
_xPagos internacionales. Moneda internacional y mercado de capitales
245 1 0 _aEl mercosur: ¿debe tener una moneda común?
020 _a978-987-1281-15-2
264 1 _aBuenos Aires :
_bEDICON (Fondo Editorial Consejo)
_c2006
300 _a208 p.
_c22 cm
505 _a1. Introducción - 2. Ventajas y desventajas de sistemas cambiarios alternativos - 3. La caída del régimen monetario de los noventa - 4. El orígen de los Shocks y la simetría de sus efectos - 5. Interdependencia macroeconómica y elección del esquema cambiario - 6. Dolarización y volatilidad real, en el contexto de una unión monetaria asimétrica
041 _aspa
942 _cBK
590 _aniveau_biblio:m niveau_hierar:0
100 1 _aMenéndez Paratore, Lisandro
700 1 _aTorija Zane, Edgardo
700 1 _aPanigo, Demián Tupac
700 1 _aMoccero, Diego Nicolás
856 4 1 _uhttps://biblioeco.unsa.edu.ar/pmb/images/libros/El mercorsur-debe tener una moneda comun-l117333.jpg
_yImagen de portada
_qimage/jpeg
999 _c119
_d119